Normal view MARC view

Entry Topical Term

Number of records used in: 1

001 - CONTROL NUMBER

  • control field: 60069

003 - CONTROL NUMBER IDENTIFIER

  • control field: OSt

005 - DATE AND TIME OF LATEST TRANSACTION

  • control field: 20260413112614.0

008 - FIXED-LENGTH DATA ELEMENTS

  • fixed length control field: 260413|| aca||aabn | a|a d

040 ## - CATALOGING SOURCE

  • Original cataloging agency: OSt
  • Transcribing agency: OSt

150 ## - HEADING--TOPICAL TERM

  • Topical term or geographic name entry element: Livestock extension system, Impact, Veterinary department, Cooperatives, Livestock income

670 ## - SOURCE DATA FOUND

  • Source citation: Work cat.: (OSt): Priscilla, Laishram Sharma, Ph. Romen and Manjunatha, B. L. 60068, Does access to veterinary department and cooperatives for technical advice improve livestock farmers’ income? Evidence from recent NSSO survey, India

Powered by Koha